Sports Quiz

Random Sports or Baseball Quiz

MLB 2010 World Series: Texas vs San Francisco Quiz Stats

 Plays Quiz Updated Mar 8, 2012

Challenge
Share
Tweet
Embed
Score 0/28 Timer 04:00
2 Plays Today
Team Answer % Correct
TexasRangers
94.6%
San FranciscoGiants
92.9%
San FranciscoNew York
81.5%
TexasJosh Hamilton
76.4%
TexasJosh Hamilton
76.4%
TexasRon Washington
76.1%
San FranciscoTim Lincecum
73.9%
TexasWashington
72.7%
San FranciscoBarry Bonds
65%
San FranciscoBrian Wilson
64.4%
TexasC.J. Wilson
64.3%
TexasNolan Ryan
59.7%
San FranciscoBruce Bochy
54.3%
San FranciscoAT&T Park
52.2%
Team Answer % Correct
TexasRangers Ballpark in Arlington
51.9%
TexasBengie Molina
49.7%
TexasElvis Andrus
45.2%
TexasAlex Rodriguez
40.8%
TexasMichael Young
39.9%
TexasNeftali Feliz
39.8%
San FranciscoCody Ross
39.6%
San FranciscoAubrey Huff
39.3%
San FranciscoBarry Zito
32.1%
San FranciscoAndres Torres
24.2%
San FranciscoBrian Sabean
18.2%
TexasJon Daniels
12%
San FranciscoOrlando Cepeda
6.7%
San FranciscoChris Ray
6%

You're not logged in!

Compare scores with friends on all Sporcle quizzes.
Join for Free
OR
Log In

Show Comments

Extras

Top Quizzes Today


Score Distribution

Your Account Isn't Verified!

In order to create a playlist on Sporcle, you need to verify the email address you used during registration. Go to your Sporcle Settings to finish the process.

Report this User

Report this user for behavior that violates our Community Guidelines.

Details: